000 00875nam a22002537a 4500
003 URS
005 20250319012741.0
008 240710b2019 ph ||||| |||| 00| 0 eng d
020 _a9786210400939
040 _aURS
_bEnglish
_cDLC
_dURS
_dDLC
_erda
050 _aQA37.2
_b.M315 2020
082 _a510.711076
_bM315 2020
100 _aManlulu, Esmeralda A.
_eauthor.
245 _aA Course module for:
_bmathematics in the modern world /
_cEsmeralda A. Manlulu and Liza Marie M. Hipolito.
264 _aManila :
_bREX Book Store,
_c©2019.
300 _avi, 206 pages :
_billustrations ;
_c27 cm.
336 _2rdacontent
_atext
_btxt
337 _2rdamedia
_aunmediated
_bn
338 _2rdacarrier
_avolume
_bnc
504 _aIncludes bibliographical references (page 200), and indexes.
650 0 _aMathematics.
700 _aHipolito, Liza Marie M.
_eauthor.
942 _2ddc
_cF
999 _c5784
_d5784